[Event "Wch U18"]
[Site "Oropesa del Mar"]
[Date "1998.10.29"]
[Round "4"]
[White "Dominguez, Lenier"]
[Black "Kallio, Heikki"]
[Result "1-0"]
[WhiteElo "2585"]
[BlackElo "2360"]
[PlyCount "71"]
[EventDate "1998.10.25"]
[Source "ChessBase"]
[SourceDate "1999.01.01"]

1. e4 c5 2. Nf3 e6 3. d4 cxd4 4. Nxd4 Nf6 5. Nc3 d6 6. Be2 a6 7. O-O Qc7 8. f4 b5 9. Bf3 Bb7 10. e5 dxe5 11. fxe5 Nfd7 12. Bxb7 Qxb7 13. Qh5 g6 14. Qh4 Bc5 15. Be3 Nc6 16. Ne4 Nxd4 17. Nxc5 Nxc5 18. Qxd4 Rc8 19. Bh6 g5 20. Bg7 Rg8 21. Bf6 Nd7 22. Qd3 Nxf6 23. exf6 Rg6 24. Rad1 Qb6+ 25. Kh1 Rd8 26. Qc3 Rh6 27. Qf3 Rc8 28. Qg3 Qc7 29. Rd6 Qc4 30. Qe1 Kf8 31. Qd1 Re8 32. Rd7 Rg6 33. Qd6+ Kg8 34. Kg1 h5 35. Qe7 Rxe7 36. fxe7 1-0

[Event "Lvov"]
[Site "Lvov"]
[Date "1983.??.??"]
[Round "?"]
[White "Panchenko, Alexander N"]
[Black "Mikhalchishin, Adrian"]
[Result "1/2-1/2"]
[WhiteElo "2475"]
[BlackElo "2465"]
[PlyCount "31"]
[EventDate "1983.06.??"]
[Source "ChessBase"]

1. e4 c5 2. Nf3 e6 3. d4 cxd4 4. Nxd4 Nf6 5. Nc3 a6 6. Be2 d6 7. O-O Qc7 8. a4 b6 9. f4 Bb7 10. Bf3 Nbd7 11. Kh1 h5 12. Qe2 Rc8 13. e5 dxe5 14. fxe5 Ng4 15. Bxb7 Qxb7 16. Bf4 1/2-1/2

[Event "ACT op"]
[Site "Amsterdam"]
[Date "2004.07.23"]
[Round "7"]
[White "Van den Doel, Erik"]
[Black "D'Costa, Lorin"]
[Result "0-1"]
[WhiteElo "2586"]
[BlackElo "2354"]
[PlyCount "92"]
[EventDate "2004.07.17"]
[Source "Roberto Alvarez"]
[SourceDate "2004.07.26"]

1. e4 c5 2. Nf3 e6 3. d4 cxd4 4. Nxd4 a6 5. Be2 Nf6 6. Nc3 Qc7 7. O-O d6 8. f4 Be7 9. Kh1 O-O 10. g4 Re8 11. f5 Bf8 12. g5 Nfd7 13. Bh5 g6 14. Bg4 Ne5 15. Bh3 Nbc6 16. Nde2 b5 17. Nf4 Bg7 18. b3 Ne7 19. Bd2 b4 20. Na4 exf5 21. Bxb4 Bb7 22. Bg2 Bxe4 23. Bxe4 fxe4 24. Bxd6 Qc6 25. Bxe7 Rxe7 26. Qd5 Rc8 27. Qxc6 Rxc6 28. Nd5 Re8 29. Rae1 Rxc2 30. Rxe4 Rd8 31. Nab6 Rxa2 32. Ra4 Rd2 33. Rxa6 Ng4 34. Nf6+ Bxf6 35. gxf6 Rxh2+ 36. Kg1 h5 37. Ra8 Rxa8 38. Nxa8 Rb2 39. Rf3 Kh7 40. Nb6 g5 41. Nd5 h4 42. b4 Kh6 43. Rd3 Kg6 44. Rf3 Kh5 45. Rd3 Nh6 46. Rc3 Nf5 0-1

[Event "Bela Crkva Open"]
[Site "Bela Crkva"]
[Date "1983.??.??"]
[Round "13"]
[White "Nikolac, Juraj"]
[Black "Sahovic, Dragutin"]
[Result "1-0"]
[WhiteElo "2470"]
[BlackElo "2465"]
[PlyCount "93"]
[EventDate "1983.06.??"]
[Source "www.chesslib.no"]
[SourceDate "2004.05.04"]

1. e4 c5 2. Nf3 d6 3. d4 cxd4 4. Nxd4 Nf6 5. Nc3 a6 6. Be2 e6 7. O-O Qc7 8. f4 Nc6 9. Nb3 b5 10. Bf3 Bb7 11. a3 Be7 12. Qe2 O-O 13. Kh1 Rab8 14. g4 Rfe8 15. g5 Nd7 16. Be3 b4 17. axb4 Nxb4 18. Qf2 Bf8 19. Bg2 g6 20. Rad1 Bc6 21. Nd4 Ba8 22. Bc1 e5 23. fxe5 Nxe5 24. Nd5 Nxd5 25. exd5 Bg7 26. b3 a5 27. Bf4 Rbc8 28. c4 a4 29. Nb5 Qd7 30. Qg3 Qd8 31. Bh3 Rb8 32. Ra1 Bxd5+ 33. cxd5 Rxb5 34. Rxa4 Rxd5 35. Bg2 Rb5 36. Ra7 Rf8 37. Rc1 Rc5 38. Rd1 Qc8 39. Bd5 Qf5 40. Ra4 Rfc8 41. Be4 Qe6 42. b4 Rc3 43. Qg2 Qb3 44. Rda1 Qxa4 45. Rxa4 Rc1+ 46. Bxc1 Rxc1+ 47. Qg1 1-0

[Event "Corr"]
[Site "?"]
[Date "2001.09.30"]
[Round "?"]
[White "Castro Torres Juan Antonio (A"]
[Black "Novak Joze (SLO)"]
[Result "0-1"]
[WhiteElo "2469"]
[BlackElo "2460"]
[PlyCount "108"]
[EventDate "2001.??.??"]
[Source "www.chesslib.no"]
[SourceDate "2004.05.04"]

1. e4 c5 2. Nf3 e6 3. d4 cxd4 4. Nxd4 Nf6 5. Nc3 d6 6. Be2 a6 7. O-O Qc7 8. a4 Be7 9. a5 Nc6 10. Nb3 Bd7 11. Be3 Rc8 12. f4 Nb4 13. Bf3 Bc6 14. Nd4 O-O 15. Nxc6 Qxc6 16. Re1 d5 17. exd5 exd5 18. Qd2 Ne4 19. Bxe4 dxe4 20. Rad1 f5 21. Qf2 Bf6 22. Bd4 Bxd4 23. Rxd4 Qc5 24. Rd2 Qxa5 25. Rd7 Rf7 26. Rxf7 Kxf7 27. Rd1 Kg8 28. Rd2 Nc6 29. Rd7 Qb4 30. Nd1 Rd8 31. Rxd8+ Nxd8 32. c3 Qd6 33. Ne3 g6 34. g3 Qd3 35. Nf1 Qd6 36. Ne3 b5 37. Qe2 Ne6 38. b4 Kf7 39. Kf2 h5 40. Qa2 Qd3 41. Qd5 Qxd5 42. Nxd5 Ke8 43. Ke3 Kd7 44. Kd2 h4 45. c4 Nd4 46. gxh4 Nf3+ 47. Kc3 bxc4 48. Kxc4 Nxh4 49. Kc5 Ng2 50. Kd4 Ke6 51. Nc7+ Kd6 52. Nd5 Ne1 53. Kc4 Nf3 54. Nc3 Nxh2 0-1

[Event "Capablanca Memorial PREMIER I 2005"]
[Site "?"]
[Date "2005.05.16"]
[Round "11"]
[White "Perez Rodney"]
[Black "Flores Diego"]
[Result "0-1"]
[WhiteElo "2437"]
[BlackElo "2491"]
[PlyCount "72"]
[EventDate "2005.??.??"]
[Source "www.chesslib.no"]
[SourceDate "2004.05.04"]

1. e4 c5 2. Nf3 e6 3. Nc3 a6 4. d4 cxd4 5. Nxd4 Qc7 6. Be2 Nf6 7. O-O d6 8. f4 Nbd7 9. Be3 b5 10. Bf3 Bb7 11. a3 Nc5 12. e5 dxe5 13. fxe5 Qxe5 14. Bf4 Bxf3 15. Rxf3 Qh5 16. Qf1 Nce4 17. Nxe4 Nxe4 18. Re1 Qd5 19. Qd3 Nf6 20. Be5 Rd8 21. Bxf6 gxf6 22. c3 Bc5 23. Re4 f5 24. Rh4 Rg8 25. Kh1 Be7 26. Rxh7 e5 27. Qxf5 exd4 28. Qxf7+ Qxf7 29. Rfxf7 Bf8 30. Rf4 Rg7 31. Re4+ Kf7 32. Rxg7+ Bxg7 33. cxd4 Bxd4 34. g4 Bxb2 35. a4 Rd4 36. Re2 Bc3 0-1

[Event "IND-ch"]
[Site "Mumbai"]
[Date "2000.05.16"]
[Round "2"]
[White "Ganguly, Surya Shekhar"]
[Black "Kunte, Abhijit"]
[Result "0-1"]
[WhiteElo "2440"]
[BlackElo "2487"]
[PlyCount "71"]
[EventDate "2000.05.15"]
[Source "ChessBase"]
[SourceDate "2000.07.11"]

1. e4 c5 2. Nf3 e6 3. d4 cxd4 4. Nxd4 Nf6 5. Nc3 d6 6. Be2 a6 7. O-O Qc7 8. f4 Nbd7 9. Bf3 Be7 10. Kh1 h6 11. Qe2 g5 12. f5 e5 13. Nb3 b5 14. Bd2 b4 15. Nd5 Nxd5 16. exd5 a5 17. c4 bxc3 18. Rac1 a4 19. Rxc3 Qb7 20. Na5 Rxa5 21. Rxc8+ Qxc8 22. Bxa5 O-O 23. b3 Nf6 24. Qd3 Qa8 25. b4 Bd8 26. Bxd8 Rxd8 27. Rc1 Rc8 28. Rc4 e4 29. Bxe4 Nxe4 30. Qxe4 Re8 31. Qb1 Qxd5 32. Rc1 Re2 33. Rc8+ Kh7 34. f6+ Qe4 35. Qxe4+ Rxe4 36. h3 0-1

[Event "SCG First League m"]
[Site "?"]
[Date "2005.10.26"]
[Round "10"]
[White "Brenjo Slavisa"]
[Black "Cabrilo Goran"]
[Result "1/2-1/2"]
[WhiteElo "2465"]
[BlackElo "2461"]
[PlyCount "23"]
[EventDate "2005.??.??"]
[Source "www.chesslib.no"]
[SourceDate "2004.05.04"]

1. e4 c5 2. Nf3 e6 3. d4 cxd4 4. Nxd4 a6 5. Nc3 Qc7 6. Be2 Nf6 7. O-O d6 8. f4 Be7 9. Kh1 O-O 10. g4 Nc6 11. g5 Nd7 12. f5 1/2-1/2

[Event "Rubinstein mem"]
[Site "Polanica Zdroj"]
[Date "1980.??.??"]
[Round "8"]
[White "Klovans, Janis"]
[Black "Barczay, Laszlo"]
[Result "0-1"]
[WhiteElo "2475"]
[BlackElo "2450"]
[PlyCount "82"]
[EventDate "1980.08.??"]
[Source "ChessBase"]

1. e4 c5 2. Nf3 d6 3. d4 cxd4 4. Nxd4 Nf6 5. Nc3 a6 6. Be2 e6 7. O-O Qc7 8. f4 b5 9. Bf3 Bb7 10. e5 dxe5 11. fxe5 Nfd7 12. Bf4 Nc6 13. Nxc6 Bxc6 14. Kh1 Rc8 15. a4 b4 16. Ne4 Bxe4 17. Bxe4 Nc5 18. Bf3 Be7 19. Qe2 O-O 20. b3 Rfd8 21. Rad1 a5 22. h3 Nd7 23. Be4 Nf8 24. Bg3 Ng6 25. Bh2 Bc5 26. Rxd8+ Rxd8 27. Rd1 Rd7 28. Rd3 Bb6 29. Qd1 Rxd3 30. Bxd3 Bd4 31. Bxg6 hxg6 32. Qe2 Qc3 33. Bf4 Kh8 34. h4 Bb6 35. Kh2 Bc7 36. g3 Kh7 37. Kh3 f6 38. Qc4 Qf3 39. exf6 Bxf4 40. Qxf4 Qxf4 41. gxf4 gxf6 0-1

[Event "Corr"]
[Site "?"]
[Date "2001.09.30"]
[Round "?"]
[White "Joao Nevio (BRA)"]
[Black "Novak Joze (SLO)"]
[Result "1-0"]
[WhiteElo "2463"]
[BlackElo "2460"]
[PlyCount "59"]
[EventDate "2001.??.??"]
[Source "www.chesslib.no"]
[SourceDate "2004.05.04"]

1. e4 c5 2. Nf3 e6 3. d4 cxd4 4. Nxd4 Nf6 5. Nc3 d6 6. Be2 a6 7. O-O Qc7 8. f4 Be7 9. Qe1 Nbd7 10. Bf3 Nb6 11. Qg3 O-O 12. Rd1 Rd8 13. a4 Bd7 14. Kh1 Ne8 15. f5 Bf6 16. fxe6 fxe6 17. Bg4 Qc8 18. a5 Nc4 19. Be2 Qc7 20. Qh3 Qc8 21. b3 Bxd4 22. Bxc4 Bf6 23. Rf1 d5 24. e5 dxc4 25. exf6 Nxf6 26. Rxf6 cxb3 27. Bh6 Bc6 28. Bxg7 Kxg7 29. Rh6 Rh8 30. Re1 1-0

[Event "Osen I"]
[Site "Alushta"]
[Date "2003.09.20"]
[Round "7"]
[White "Kononenko, Dmitry1"]
[Black "Kanep, Meelis"]
[Result "0-1"]
[WhiteElo "2449"]
[BlackElo "2470"]
[PlyCount "78"]
[EventDate "2003.09.15"]
[Source "Roberto Alvarez"]
[SourceDate "2003.10.06"]

1. e4 c5 2. Nf3 d6 3. d4 cxd4 4. Nxd4 Nf6 5. Nc3 a6 6. Be2 e6 7. O-O Qc7 8. a4 b6 9. f4 Bb7 10. Bf3 Nbd7 11. Qe2 Be7 12. e5 dxe5 13. fxe5 Bc5 14. Be3 Qxe5 15. Bxb7 Ra7 16. Bxa6 Bxd4 17. Bxd4 Qxd4+ 18. Kh1 Qc5 19. Bd3 O-O 20. Ne4 Nxe4 21. Qxe4 g6 22. Bb5 Kg7 23. c4 e5 24. Rad1 f5 25. Qd5 Nf6 26. Qxc5 bxc5 27. Kg1 f4 28. Rd6 Re7 29. a5 g5 30. a6 e4 31. Re1 g4 32. Rb6 e3 33. Rb7 Rxb7 34. axb7 Ne4 35. Bd7 f3 36. gxf3 gxf3 37. Bc8 e2 38. Rf1 f2+ 39. Kg2 exf1=Q+ 0-1

[Event "Lvov Int"]
[Site "Lvov UKR"]
[Date "1986.??.??"]
[Round "?"]
[White "Przewoznik, Jan"]
[Black "Novikov, Igor A"]
[Result "0-1"]
[WhiteElo "2420"]
[BlackElo "2490"]
[PlyCount "84"]
[EventDate "1986.02.??"]
[Source "www.chesslib.no"]
[SourceDate "2004.05.04"]

1. e4 c5 2. Nf3 d6 3. d4 cxd4 4. Nxd4 Nf6 5. Nc3 a6 6. Be2 e6 7. O-O Qc7 8. f4 Be7 9. Kh1 O-O 10. Qe1 b5 11. Bf3 Bb7 12. e5 Ne8 13. a3 Nd7 14. Qg3 Rc8 15. Bd2 Nb6 16. Rae1 g6 17. f5 dxe5 18. fxg6 hxg6 19. Nxe6 fxe6 20. Qxg6+ Ng7 21. Bh6 Bh4 22. Bxg7 Qxg7 23. Qxe6+ Kh8 24. Rxe5 Bg5 25. Ne4 Rc6 26. Qh3+ Rh6 27. Qg3 Bf6 28. Qxg7+ Bxg7 29. Re7 Bxe4 30. Rxe4 Bxb2 31. g4 Rhf6 32. Kg2 Nc4 33. g5 Rf5 34. Rf2 Rxg5+ 35. Bg4 Ne3+ 36. Rxe3 Rxg4+ 37. Kh3 Rxf2 38. Kxg4 Rxc2 39. Re6 a5 40. Rb6 Rc4+ 41. Kf3 Rc5 42. a4 b4 0-1

[Event "Budapest FS08 GM"]
[Site "Budapest"]
[Date "1996.??.??"]
[Round "9"]
[White "Aagaard, Jacob"]
[Black "Dao Thien Hai"]
[Result "1/2-1/2"]
[WhiteElo "2370"]
[BlackElo "2535"]
[PlyCount "48"]
[EventDate "1996.08.??"]
[Source "ChessBase"]

1. e4 c5 2. Nf3 d6 3. d4 cxd4 4. Nxd4 Nf6 5. Nc3 a6 6. Be2 e6 7. O-O Qc7 8. a4 b6 9. f4 Bb7 10. Bf3 Nbd7 11. Kh1 Rd8 12. Qe1 Be7 13. g4 h6 14. f5 e5 15. Nde2 Qc8 16. Ng3 Qa8 17. Qe2 d5 18. exd5 Nxd5 19. Qg2 Nc5 20. Nce4 Nf4 21. Bxf4 exf4 22. f6 gxf6 23. b4 Nxe4 24. Nxe4 Bxe4 1/2-1/2

[Event "Elista ol (Men)"]
[Site "Elista"]
[Date "1998.10.03"]
[Round "5"]
[White "Isaev, Jamshed"]
[Black "Gadjily, Raouf"]
[Result "1-0"]
[WhiteElo "2440"]
[BlackElo "2465"]
[PlyCount "75"]
[EventDate "1998.09.29"]
[Source "ChessBase"]
[SourceDate "1998.11.06"]

1. e4 c5 2. Nf3 d6 3. d4 cxd4 4. Nxd4 Nf6 5. Nc3 a6 6. Be2 e6 7. O-O Qc7 8. f4 Be7 9. a4 b6 10. Bf3 Bb7 11. e5 dxe5 12. fxe5 Nfd7 13. Bxb7 Qxb7 14. Qg4 Bc5 15. Kh1 Bxd4 16. Qxd4 Nc6 17. Qe4 Ndxe5 18. Bf4 Ng6 19. Bd6 Rd8 20. Rad1 Rd7 21. Ba3 Nd8 22. Rxd7 Qxd7 23. Qc4 Qc6 24. Qxa6 f5 25. Nb5 Kf7 26. Nd6+ Kf6 27. Qd3 Nh4 28. Qd4+ Kg5 29. Qxg7+ Kh5 30. Rg1 Ng6 31. b3 Qxc2 32. Bc1 h6 33. h3 Qxb3 34. Qf6 Qd5 35. Nc4 Rf8 36. Qg7 f4 37. Nxb6 Qf5 38. g4+ 1-0

[Event "4th SICC Masters"]
[Site "Singapore SIN"]
[Date "2007.12.19"]
[Round "6"]
[White "Wan Yunguo"]
[Black "Dao Thien Hai"]
[Result "1/2-1/2"]
[WhiteElo "2370"]
[BlackElo "2530"]
[PlyCount "35"]
[EventDate "2007.12.17"]
[Source "www.chesslib.no"]
[SourceDate "2004.05.04"]

1. e4 c5 2. Nf3 d6 3. d4 cxd4 4. Nxd4 Nf6 5. Nc3 a6 6. Be2 e6 7. O-O Qc7 8. a4 b6 9. f4 Bb7 10. Bf3 Nbd7 11. Kh1 Rd8 12. Qe2 Be7 13. Be3 O-O 14. Bf2 g6 15. e5 Ne8 16. Bg3 Ng7 17. Rae1 d5 18. Rd1 1/2-1/2

[Event "Navalmoral op"]
[Site "Navalmoral"]
[Date "1999.??.??"]
[Round "5"]
[White "Kobese, Watu"]
[Black "Suba, Mihai"]
[Result "1/2-1/2"]
[WhiteElo "2389"]
[BlackElo "2509"]
[PlyCount "118"]
[EventDate "1999.11.??"]
[Source "ChessBase"]
[SourceDate "2000.01.11"]

1. e4 c5 2. Nf3 d6 3. d4 Nf6 4. Nc3 cxd4 5. Nxd4 e6 6. Be2 a6 7. O-O Qc7 8. a4 Be7 9. Be3 b6 10. f4 Bb7 11. Bf3 Nbd7 12. Bf2 O-O 13. Qe2 Rfe8 14. e5 dxe5 15. fxe5 Nxe5 16. Bxb7 Neg4 17. Bg3 Qxb7 18. Kh1 Rad8 19. Rad1 Bb4 20. h3 Bxc3 21. bxc3 Qe4 22. Rde1 Qxe2 23. Rxe2 Nh6 24. Bh4 Rc8 25. Bxf6 gxf6 26. Rxf6 Kg7 27. Rf3 e5 28. Rfe3 f6 29. g4 Kf7 30. Nb3 Kg6 31. Nd2 Nf7 32. Rd3 Red8 33. Ne4 Ng5 34. Nxg5 Kxg5 35. Rf3 Rc4 36. Rf5+ Kg6 37. Ref2 Rd6 38. g5 fxg5 39. Rxe5 Rxc3 40. Kh2 Rdc6 41. a5 b5 42. h4 gxh4 43. Rfe2 Kf6 44. Rh5 Rxc2 45. Rxc2 Rxc2+ 46. Kh3 Ra2 47. Rh6+ Kg5 48. Rxa6 Ra3+ 49. Kg2 Kg4 50. Ra7 Ra2+ 51. Kg1 h5 52. a6 h3 53. Rg7+ Kh4 54. a7 b4 55. Rb7 h2+ 56. Kh1 Kh3 57. a8=Q Rxa8 58. Ra7 Rb8 59. Rb7 Rxb7 1/2-1/2

[Event "Chalapathi GM"]
[Site "Guntur, AP"]
[Date "2000.04.07"]
[Round "5"]
[White "Thipsay, Praveen Mahadeo"]
[Black "Prasad, Devaki V"]
[Result "1/2-1/2"]
[WhiteElo "2475"]
[BlackElo "2421"]
[PlyCount "61"]
[EventDate "2000.04.03"]
[Source "ChessBase"]
[SourceDate "2000.07.27"]

1. e4 c5 2. Nf3 d6 3. d4 cxd4 4. Nxd4 Nf6 5. Nc3 a6 6. Be2 e6 7. O-O Qc7 8. f4 Be7 9. Be3 Nbd7 10. Bf3 O-O 11. Qe1 Re8 12. Kh1 Nb6 13. Rd1 Nc4 14. Bc1 e5 15. Nf5 Bxf5 16. exf5 exf4 17. Bxf4 Nxb2 18. Rb1 Bf8 19. Ne2 Qxc2 20. Qc1 Qxc1 21. Nxc1 Nc4 22. Bxb7 Rab8 23. Nd3 a5 24. Rfc1 Ne5 25. Nf2 d5 26. g3 Ba3 27. Rd1 h6 28. Rb3 Bb4 29. Bxd5 Rbd8 30. Bxe5 Rxd5 31. Rxd5 1/2-1/2

[Event "Sevilla op"]
[Site "Sevilla"]
[Date "1999.??.??"]
[Round "4"]
[White "Alonso, S."]
[Black "Suba, M."]
[Result "1/2-1/2"]
[WhiteElo "2345"]
[BlackElo "2550"]
[PlyCount "57"]
[EventDate "1999.??.??"]
[Source "www.chesslib.no"]
[SourceDate "2004.05.04"]

1. e4 c5 2. Nf3 d6 3. d4 Nf6 4. Nc3 cxd4 5. Nxd4 e6 6. Be2 a6 7. O-O Qc7 8. f4 Be7 9. a4 O-O 10. Be3 b6 11. Bf3 Bb7 12. g4 Nc6 13. Nb3 Rfe8 14. g5 Nd7 15. Bg2 Bf8 16. Qh5 g6 17. Qh4 Na5 18. Rad1 Nc4 19. Bc1 Bg7 20. Rd3 b5 21. Rh3 Nf8 22. axb5 axb5 23. Nd1 Ra2 24. Nf2 Nxb2 25. Ng4 Qxc2 26. Rf2 Qd1+ 27. Rf1 Qc2 28. Rf2 Qd1+ 29. Rf1 1/2-1/2

[Event "Istanbul ol (Men)"]
[Site "Istanbul"]
[Date "2000.10.29"]
[Round "2"]
[White "El Arousy, Abdul Hameed"]
[Black "Timoscenko, Genadij"]
[Result "0-1"]
[WhiteElo "2363"]
[BlackElo "2529"]
[PlyCount "88"]
[EventDate "2000.10.??"]
[Source "www.chesslib.no"]
[SourceDate "2004.05.04"]

1. e4 c5 2. Nf3 e6 3. d4 cxd4 4. Nxd4 a6 5. Nc3 Qc7 6. Be2 Nf6 7. O-O d6 8. Be3 b5 9. a3 Bb7 10. Bd3 Nbd7 11. f4 Nc5 12. Qf3 Be7 13. Kh1 O-O 14. Rae1 Rfe8 15. Qh3 Ncxe4 16. Nxe6 fxe6 17. Nxe4 Bxe4 18. Bxe4 Nxe4 19. Qxe6+ Kh8 20. Qxe4 Bh4 21. Qd3 Bxe1 22. Rxe1 Qc4 23. Rd1 Re4 24. h3 Rae8 25. Bg1 Qxd3 26. Rxd3 Rxf4 27. Rxd6 Rf6 28. Rd7 h5 29. Rd5 h4 30. Rh5+ Rh6 31. Rg5 Re1 32. Kh2 Kh7 33. Bd4 Rg6 34. Rh5+ Kg8 35. Rxh4 Re2 36. Rg4 Rxg4 37. hxg4 Rxc2 38. Kg3 Kf7 39. Kf3 a5 40. Bc3 b4 41. Be5 bxa3 42. bxa3 Ra2 43. Bd6 Rd2 44. Bc5 Rd4 0-1

[Event "It Open"]
[Site "Mainz"]
[Date "1995.??.??"]
[Round "8"]
[White "Kachiani-Gersinska, Ketino"]
[Black "Hauns Harald"]
[Result "1/2-1/2"]
[WhiteElo "2380"]
[BlackElo "2500"]
[PlyCount "75"]
[EventDate "1995.??.??"]
[Source "www.chesslib.no"]
[SourceDate "2004.05.04"]

1. e4 c5 2. Nf3 d6 3. d4 cxd4 4. Nxd4 Nf6 5. Nc3 a6 6. Be2 e6 7. O-O Qc7 8. a4 Nc6 9. Be3 Be7 10. f4 Bd7 11. Nb3 b6 12. Bf3 Rb8 13. Qe2 Bc8 14. Rad1 Na5 15. Nd4 O-O 16. Kh1 Bb7 17. Bc1 Nd7 18. Qe1 Nc6 19. Be3 Bf6 20. Qd2 Nxd4 21. Bxd4 Be7 22. Qf2 Bc6 23. Qg3 e5 24. Be3 exf4 25. Bxf4 Ne5 26. Nd5 Bxd5 27. Rxd5 Ng6 28. c3 Qc4 29. Ra1 b5 30. Rd4 Qb3 31. Bc1 Bf6 32. Rb4 Qe6 33. axb5 axb5 34. Be2 Ra8 35. Rb1 Ra4 36. Qd3 Re8 37. Qxb5 Rxb4 38. Qxb4 1/2-1/2

[Event "Belgorod"]
[Site "Belgorod"]
[Date "1991.??.??"]
[Round "?"]
[White "Zelcic, Robert"]
[Black "Savon, Vladimir A"]
[Result "0-1"]
[WhiteElo "2415"]
[BlackElo "2465"]
[PlyCount "78"]
[EventDate "1991.??.??"]
[Source "ChessBase"]

1. e4 c5 2. Nf3 d6 3. d4 cxd4 4. Nxd4 Nf6 5. Nc3 a6 6. Be2 e6 7. O-O Qc7 8. Kh1 b5 9. Bd3 Bb7 10. Qe1 Nc6 11. Nxc6 Bxc6 12. Bg5 Be7 13. f4 b4 14. Nd1 Qb7 15. a3 bxa3 16. Rxa3 Bxe4 17. Rb3 Qc6 18. Rc3 Qb7 19. Rb3 Qxb3 20. cxb3 Bxd3 21. Rf3 Bb5 22. f5 e5 23. Bxf6 Bxf6 24. Qe4 d5 25. Qb4 d4 26. Qc5 Rd8 27. Rg3 h5 28. Nf2 d3 29. Re3 d2 30. Nd1 h4 31. h3 Rh5 32. Qc2 Rg5 33. Kh2 Rg3 34. Rc3 Rgd3 35. Rc7 R3d7 36. Rc5 Kf8 37. Qe4 Kg8 38. Qg4 Rd4 39. Qh5 e4 0-1

[Event "Ptuj"]
[Site "Ptuj"]
[Date "1998.??.??"]
[Round "?"]
[White "Krstic, Uros"]
[Black "Maksimenko, Andrei"]
[Result "0-1"]
[WhiteElo "2380"]
[BlackElo "2500"]
[PlyCount "72"]
[EventDate "1998.??.??"]
[Source "www.chesslib.no"]
[SourceDate "2004.05.04"]

1. e4 c5 2. Nf3 d6 3. d4 cxd4 4. Nxd4 Nf6 5. Nc3 a6 6. Be2 e6 7. O-O Qc7 8. a4 b6 9. f4 Bb7 10. Bf3 Nbd7 11. Kh1 Be7 12. g4 h6 13. Qe2 g6 14. Qg2 e5 15. Nde2 Rc8 16. g5 hxg5 17. fxg5 Nh7 18. Qh3 Qd8 19. Bg4 Rc7 20. Qh6 Bf8 21. Qh3 Nc5 22. Ng3 Bg7 23. Qg2 Nxg5 24. Nd5 Bxd5 25. exd5 a5 26. Ra3 Kf8 27. Rc3 Rh4 28. Bd1 Bh6 29. b3 Nh7 30. Bxh6+ Rxh6 31. Rcf3 Qh4 32. c3 Ng5 33. Re3 Nh3 34. b4 Nd7 35. Ne4 Nf4 36. Qd2 Ke7 0-1

[Event "Rubinstein mem"]
[Site "Polanica Zdroj"]
[Date "1978.??.??"]
[Round "1"]
[White "Swic, Waldemar"]
[Black "Ghinda, Mihail Viorel"]
[Result "0-1"]
[WhiteElo "2430"]
[BlackElo "2445"]
[PlyCount "82"]
[EventDate "1978.08.??"]
[Source "ChessBase"]

1. e4 c5 2. Nf3 d6 3. d4 Nf6 4. Nc3 cxd4 5. Nxd4 e6 6. Be2 a6 7. O-O Qc7 8. f4 Be7 9. Kh1 O-O 10. Qe1 b5 11. Bf3 Bb7 12. e5 Ne8 13. a3 Nd7 14. exd6 Nxd6 15. f5 Bf6 16. fxe6 Bxd4 17. exd7 Qxd7 18. Qd1 Bxc3 19. Bxb7 Qxb7 20. Qxd6 Rad8 21. Qg3 Bf6 22. c3 Qe4 23. Bf4 Rd3 24. Rae1 Qd5 25. Re3 Rd8 26. Rxd3 Qxd3 27. Qxd3 Rxd3 28. g4 g5 29. Bg3 Kg7 30. a4 bxa4 31. Ra1 Rd2 32. Rxa4 Rxb2 33. c4 Rb1+ 34. Kg2 Ra1 35. Rxa1 Bxa1 36. Kf3 Kf6 37. Ke4 Ke6 38. c5 a5 39. c6 a4 40. Kd3 a3 41. Kc2 f6 0-1

[Event "NED Team Ch 9596"]
[Site "NED"]
[Date "1995.??.??"]
[Round "?"]
[White "Diepeveen, Vincent"]
[Black "Van Wely, Loek"]
[Result "0-1"]
[WhiteElo "2295"]
[BlackElo "2575"]
[PlyCount "166"]
[EventDate "1995.??.??"]
[Source "www.chesslib.no"]
[SourceDate "2004.05.04"]

1. e4 c5 2. Nf3 d6 3. d4 cxd4 4. Nxd4 Nf6 5. Nc3 e6 6. Be2 a6 7. O-O Qc7 8. f4 Be7 9. Be3 O-O 10. Qe1 b5 11. a3 Bb7 12. Bd3 Nbd7 13. Nb3 e5 14. fxe5 dxe5 15. Bg5 h6 16. Bh4 Rae8 17. Kh1 Nh5 18. Bxe7 Rxe7 19. a4 b4 20. Nd5 Bxd5 21. exd5 Qd6 22. c4 bxc3 23. bxc3 Qxd5 24. Qd1 Ndf6 25. Bxa6 Qc6 26. Bb5 Qxc3 27. Rf3 Qb4 28. Qe1 Qxe1+ 29. Rxe1 e4 30. Rc3 Nf4 31. Kg1 Rd8 32. a5 N6d5 33. Rc4 e3 34. Rd4 e2 35. a6 Rc8 36. g3 Nc3 37. Rc4 Rxc4 38. Bxc4 Nfd5 39. Nc1 Rc7 40. a7 Rxa7 41. Nxe2 Nxe2+ 42. Rxe2 Nf6 43. Bd3 g6 44. Rb2 Kg7 45. Be2 Nd7 46. Rc2 Ne5 47. Rb2 Ra3 48. Kf1 Kf6 49. Kg2 Kf5 50. Kf2 f6 51. Kg2 h5 52. Rc2 Kg5 53. Rb2 h4 54. Rb4 hxg3 55. hxg3 Ra2 56. Re4 Ra5 57. Rb4 Ra2 58. Re4 Kf5 59. Rf4+ Ke6 60. Kf1 Rc2 61. Ra4 g5 62. Ra6+ Kf5 63. Rb6 g4 64. Rb5 Kg5 65. Ra5 Rc7 66. Kg2 Re7 67. Kf2 f5 68. Ra4 Rd7 69. Ra2 Rd5 70. Kg2 Rc5 71. Kf2 Rc3 72. Ba6 Nd7 73. Bb7 Nf6 74. Ra8 Nh5 75. Rg8+ Kf6 76. Rf8+ Kg6 77. Bc8 Rf3+ 78. Kg2 Rxg3+ 79. Kh2 Rh3+ 80. Kg2 Nf6 81. Kf2 Rc3 82. Kf1 Kg5 83. Rf7 Rxc8 0-1

[Event "V Camp. Paesi del Mediterraneo"]
[Site "Hammam Sousse TUN"]
[Date "2007.11.29"]
[Round "4.3"]
[White "Sarwat, Walaa"]
[Black "Marzolo, Cyril"]
[Result "0-1"]
[WhiteElo "2385"]
[BlackElo "2478"]
[PlyCount "106"]
[EventDate "2007.11.26"]
[Source "www.chesslib.no"]
[SourceDate "2004.05.04"]

1. e4 c5 2. Nf3 e6 3. d4 cxd4 4. Nxd4 a6 5. Nc3 Qc7 6. Be2 Nf6 7. O-O d6 8. a4 b6 9. f4 Bb7 10. Bf3 Nbd7 11. Qe2 Be7 12. Kh1 Rb8 13. Re1 O-O 14. e5 dxe5 15. fxe5 Ne8 16. Bf4 Bb4 17. Bd2 Bc5 18. Nb3 Be7 19. Bxb7 Qxb7 20. Qh5 g6 21. Qh6 Ng7 22. Nd4 Nf5 23. Nxf5 exf5 24. Bf4 Rbd8 25. e6 Nf6 26. h3 Nh5 27. exf7+ Rxf7 28. Rad1 Rxd1 29. Rxd1 b5 30. axb5 axb5 31. Bd6 f4 32. Bxe7 Qxe7 33. Nd5 Qe5 34. Ne3 Qe7 35. Ng4 Rf8 36. Kh2 Rc8 37. c3 b4 38. Rd3 bxc3 39. bxc3 Rb8 40. Rd5 Rb2 41. Re5 f3 42. Qxh5 Rxg2+ 43. Kh1 gxh5 44. Rxe7 hxg4 45. Re3 Rg3 46. Re8+ Kf7 47. Re4 Rxh3+ 48. Kg1 Rg3+ 49. Kh2 Rg2+ 50. Kh1 h5 51. c4 Rc2 52. Rd4 Kf6 53. Kg1 Kg5 0-1

[Event "Foment Open"]
[Site "Barcelona ESP"]
[Date "1992.??.??"]
[Round "?"]
[White "Lacasa Diaz, Jose A"]
[Black "Suba, Mihai"]
[Result "0-1"]
[WhiteElo "2330"]
[BlackElo "2520"]
[PlyCount "130"]
[EventDate "1992.??.??"]
[Source "www.chesslib.no"]
[SourceDate "2004.05.04"]

1. e4 c5 2. Nf3 d6 3. d4 Nf6 4. Nc3 cxd4 5. Nxd4 e6 6. Be2 a6 7. O-O Qc7 8. f4 Be7 9. Be3 O-O 10. Qe1 b5 11. Bf3 Bb7 12. e5 Ne8 13. Qg3 b4 14. Ne4 dxe5 15. fxe5 Nd7 16. Nf6+ Kh8 17. Nxd7 Qxd7 18. Rad1 Qc8 19. Kh1 Kg8 20. Rf2 a5 21. Rfd2 a4 22. Nb5 Bxf3 23. Qxf3 Ra5 24. Nd6 Qa6 25. Nxe8 Rxe8 26. Rf2 f5 27. exf6 Bxf6 28. Qg4 Bxb2 29. Qxb4 Rb5 30. Qc4 Bf6 31. Qg4 Rf5 32. Rfd2 Qc6 33. Bd4 Qc4 34. h3 h5 35. Qe2 Qxe2 36. Rxe2 Rd8 37. Red2 e5 38. Be3 Rc8 39. Rb1 Rc4 40. Kg1 e4 41. Rb8+ Kh7 42. Rb7 h4 43. Rbd7 Rb4 44. Rd1 Rb2 45. Bd4 Rxc2 46. Bxf6 Rxf6 47. R7d2 Rfc6 48. Rxc2 Rxc2 49. Rd4 Rxa2 50. Rxe4 g5 51. Re6 Kg7 52. Ra6 Kf7 53. Ra5 Kf6 54. Kh1 a3 55. Kg1 Ke6 56. Rxg5 Rc2 57. Ra5 a2 58. Kh2 Kd6 59. Ra8 Kd5 60. Ra4 Kc5 61. Ra8 Kb4 62. Rb8+ Kc3 63. Rc8+ Kb2 64. Rb8+ Kc1 65. Ra8 Kb1 0-1